Catálogo
 En Linea

III congreso iberoamericano de educación: (Registro nro. 54330)

Detalles MARC
000 -CABECERA
campo de control de longitud fija 00978nam a2200241 i 4500
003 - IDENTIFICADOR DEL NÚMERO DE CONTROL
campo de control DO-SdBNP
005 - FECHA Y HORA DE LA ÚLTIMA TRANSACCIÓN
campo de control 20230804153318.0
007 - CAMPO FIJO DE DESCRIPCIÓN FÍSICA--INFORMACIÓN GENERAL
campo de control de longitud fija ta
008 - DATOS DE LONGITUD FIJA--INFORMACIÓN GENERAL
campo de control de longitud fija 230804e1957 dr ao||| |||| 00| 0 spa d
040 ## - FUENTE DE LA CATALOGACIÓN
Centro catalogador/agencia de origen DO-SdBNP
Lengua de catalogación spa
Centro/agencia transcriptor BNPHU
Normas de descripción rda
082 #4 - NÚMERO DE LA CLASIFICACIÓN DECIMAL DEWEY
Número de edición 22
Número de documento/Ítem C749i
111 2# - ENTRADA PRINCIPAL--NOMBRE DE CONGRESO/REUNIÓN
Nombre de congreso/reunión o jurisdicción como elemento de entrada Congreso Iberoamericano de Educación
Número del congreso/reunión o número de parte o sección (3er.:
Fecha del congreso/reunión 1957:
Sede del congreso/Lugar de la reunión Ciudad Trujillo)
9 (RLIN) 83886
245 ## - MENCIÓN DE TÍTULO
Título III congreso iberoamericano de educación:
Resto del título reunión ordinaria del Consejo Directivo de la oficina de educación iberoamericana. /
246 11 - FORMA VARIANTE DE TÍTULO
Título propio/Titulo breve Tercer congreso iberoamericano de educación:
Resto del título reunión ordinaria del Consejo Directivo de la oficina de educación iberoamericana.
264 #1 - PRODUCCIÓN, PUBLICACIÓN, DISTRIBUCIÓN, FABRICACIÓN Y COPYRIGHT
Producción, publicación, distribución, fabricación y copyright Ciudad Trujillo :
Nombre del de productor, editor, distribuidor, fabricante [Sin lugar],
Fecha de producción, publicación, distribución, fabricación o copyright 1957
300 ## - DESCRIPCIÓN FÍSICA
Extensión [26] páginas :
Otras características físicas Ilustraciones ;
Dimensiones 27 cm
336 ## - TIPO DE CONTENIDO
Fuente rdacontent
Término de tipo de contenido texto
Código de tipo de contenido txt
337 ## - TIPO DE MEDIO
Fuente rdamedia
Nombre/término del tipo de medio sin mediación
Código del tipo de medio n
338 ## - TIPO DE SOPORTE
Fuente rdacarrier
Nombre/término del tipo de soporte volumen
Código del tipo de soporte nc
500 ## - NOTA GENERAL
Nota general Incluye notas al pie de páginas
590 ## - NOTA LOCAL (RLIN)
Nota local Inventariado 2023 / MF
942 ## - ELEMENTOS DE PUNTO DE ACCESO ADICIONAL (KOHA)
Fuente del sistema de clasificación o colocación Dewey Decimal Classification
Tipo de ítem Koha Folleto
Existencias
Estado de retiro Estado de pérdida Fuente del sistema de clasificación o colocación Restricciones de uso No para préstamo Código de colección Localización permanente Ubicación/localización actual Ubicación en estantería Fecha de adquisición Fuente de adquisición Total de préstamos Signatura topográfica completa Código de barras Fecha visto por última vez Precio válido a partir de Tipo de ítem Koha
    Dewey Decimal Classification Excluido de préstamo   Patrimonio Dominicano Raros y Valiosos Biblioteca Nacional Pedro Henríquez Ureña Biblioteca Nacional Pedro Henríquez Ureña En catalogación 04.12.2014 Donado por Barbara Suncar   C749i 2023-5200 04.08.2023 04.08.2023 Folleto

Con tecnología Koha